| 000 | 00848nam a22002537a 4500 | ||
|---|---|---|---|
| 001 | 3892 | ||
| 003 | FISKH | ||
| 005 | 20240521152703.0 | ||
| 008 | 240521b cb ||||| |||| 00| 0 eng d | ||
| 040 |
_aFISK _beng _cFISK _dFISK |
||
| 050 | _aPZ7.M571737 | ||
| 082 | _a813.6 | ||
| 100 |
_aMeyer Marissa _d1984- |
||
| 245 |
_aScarlet / _cMarissa Meyer |
||
| 260 |
_aNew York : _bScholastic, _c2014 |
||
| 300 |
_a454 pages : _c20 cm |
||
| 505 | _aM | ||
| 520 | _aScarlet Benoit and Wolf, a street fighter who may have information about her missing grandmother, join forces with Cinder as they try to stay one step ahead of the vicious Lunar Queen Levana in this story inspired by Little Red Riding Hood. | ||
| 521 | 8 |
_a810 _bLexiles |
|
| 521 | 8 |
_aM _bRaz-Plus |
|
| 700 | _aMarissa Meyer | ||
| 942 |
_2ddc _cBK _n0 |
||
| 999 |
_c3892 _d3892 |
||